| 000 | 00691nam a2200193Ia 4500 | ||
|---|---|---|---|
| 001 | 10639 | ||
| 003 | GE_BSU | ||
| 008 | 181216s||||||||xx |||||||||||||| ||und|| | ||
| 040 | _cGE_BSU | ||
| 245 | _aსაქართველო პოლიტიკურ–ადმინისტრაციული რუკა. | ||
| 245 | _b1:600 000 | ||
| 245 | _cრედ:ნოდარ ფეიქრიშვილი. | ||
| 260 | _aთბილისი | ||
| 260 | _bგეომედი | ||
| 260 | _c2011–2014. | ||
| 541 | _h8ლ. | ||
| 653 | _aსაქართველო პოლიტიკურ–ადმინისტრაციული რუკა. | ||
| 942 | _cMP | ||
| 999 |
_c43890 _d43890 |
||